| 000 | 00661nam a2200253Ia 4500 | ||
|---|---|---|---|
| 005 | 20250425160655.0 | ||
| 008 | 250425s9999 xx 000 0 und d | ||
| 020 | _a8480881305 | ||
| 041 | _aspa | ||
| 043 | _asp | ||
| 082 | _a658.3 | ||
| 100 | _aORDONEZ ORDONEZ, MIGUEL | ||
| 245 | 0 | _aMODELOS Y EXPERIENCIAS INNOVADORAS EN LA GESTION DE LOS RECURSOS HUMANOS | |
| 250 | _a1A ED. | ||
| 260 | _aBARCELONA | ||
| 260 |
_aEspaƱa _bEDICIONES GESTION 2000 _c1996 |
||
| 300 | _a378 | ||
| 650 | _aCALIDAD TOTAL | ||
| 650 | _aESTRATEGIAS DE DESARROLLO | ||
| 650 | _aGESTION DE RECURSOS HUMANOS | ||
| 650 | _aLIDERAZGO | ||
| 942 | _c01 | ||
| 010 | _a1984 | ||
| 999 |
_c193849 _d193849 |
||